000 00699nam a2200289Ia 4500
005 20260324120128.0
008 008 260324s9999 xx 000 0 eng d
020 _a9780429161124
037 _aEBOOK
040 _aCRL
040 _beng
040 _cCRL
041 _2eng
041 _aeng
084 _qCRL
100 _aOleksandr Sverdlov
_91157350
245 0 _aModern Adaptive Randomized Clinical Trials
245 0 _bStatistical and Practical Aspects
260 _bTaylor and Francis
260 _c2015
365 _a
365 _b340
856 _uhttp://www.taylorfrancis.com/books/9780429161124
942 _cEBOOK
999 _c1748701
_d1748701